000 00378pab a2200145 454500
008 180718b2015 xxu||||| |||| 00| 0 eng d
100 _aRezai, Armon
245 _aDemand and distribution in integrated economies
260 _c2015
300 _ap.1399-1414.
362 _aSep
650 _aIncome distribution
773 _aCambridge Journal of Economics
909 _a109274
999 _c109269
_d109269